000 00992nam a2200265Ia 4500
003 OSt
005 20221005111131.0
006 a|||||r|||| 00| 0
007 ta
008 221004b |||||||| |||| 00| 0 hin d
020 _a9789350729933 (hbk)
_cINR 350.00
024 _a29584
037 _b78, 15/03/2017, Mallika Books
_cTextual
040 _aCRL
_cCRL
_bhin
041 _2hin
_ahin
082 _aO152,6N252x, Q5
100 _aमिश्र, दयानिधि, संपा.
245 0 _aइतिहास, परम्परा और आधुनिकता
246 _aItihāsa, paramparā aur ādhunikatā
260 _aनई दिल्ली
_bवाणी प्रकाशन भारत
_c2015
300 _a147पृ0
_ccm.
650 _aहिन्दी निबंध
942 _hO152,6N252x, Q5
_cTEXL
_2cc
999 _c1020916
_d1020916